| 000 | 01015nam a2200325 a 4500 | ||
|---|---|---|---|
| 999 |
_c7446 _d7446 |
||
| 001 | 991004438099706706 | ||
| 003 | OSt | ||
| 005 | 20211126131725.0 | ||
| 008 | 950801s1987 spc|||||| 000 f|spa | ||
| 015 |
_aLL1995 _2bnc |
||
| 017 |
_aDL B. 13475-1987 _bBiblioteca de Catalunya |
||
| 020 | _a8476580320 | ||
| 035 | _a(ES-BaCBU)b10957364-34csuc_network | ||
| 035 | _a(ES-BaCBU).b10957364 | ||
| 035 | _a(ccuc001)b10957364 | ||
| 035 | _a(OCoLC)802421874 | ||
| 040 |
_aES-BaBC _bcat _cES-BaBC _dCDMR |
||
| 080 | _a860-3"19" | ||
| 100 | 1 | _aMasip, Paulino, | |
| 245 | 1 | 3 |
_aEl Diario de Hamlet García / _cPaulino Masip ; prólogo de Pablo Corbalán |
| 260 |
_aBarcelona : _bAnthropos, _c1987 |
||
| 300 |
_a336 p. ; _c20 cm |
||
| 490 | 1 |
_aMemoria rota : exilios y heterodoxias ; _v11 |
|
| 700 | 1 | _aCorbalán, Pablo, | |
| 830 | 0 |
_aMemoria rota ; _v11 |
|
| 907 |
_a.b10957364 _b10-06-21 _c06-05-08 _d06-05-08 _em _fa _g- _hspa _ispc _j3 _k5 |
||
| 908 |
_aBAB _aBC _aUAB _aUB _aUdL |
||
| 940 | _aBC | ||
| 942 |
_2udc _cMON |
||